Find the Letter or Symbol - Statistics

General Stats
  • This quiz has been taken 22 times
  • The average score is 63 of 64
Answer Stats
Question Tile Select % Correct
: ; No
100%
: ; No
100%
: ; No
100%
: ; No
100%
: ; No
100%
: ; No
100%
: ; No
100%
: ; No
100%
: ; No
100%
: ; No
100%
: ; No
100%
: ; No
100%
: ; No
100%
: ; No
100%
: ; No
100%
O 0 No
100%
! i No
100%
! i No
100%
! i No
100%
! i No
100%
! i No
100%
! i No
100%
! i No
100%
! i No
100%
! i No
100%
! i No
100%
! i No
100%
! i No
100%
! i No
100%
! i No
100%
! i No
100%
V U No
100%
V U No
100%
V U No
100%
V U No
100%
V U No
100%
V U No
100%
V U No
100%
V U No
100%
V U No
100%
V U No
100%
V U No
100%
V U No
100%
V U No
100%
V U No
100%
V U No
100%
V V Yes
100%
! ! Yes
95%
: : Yes
95%
O 0 No
95%
O 0 No
95%
O 0 No
95%
O 0 No
95%
O 0 No
95%
O 0 No
95%
O 0 No
95%
O 0 No
95%
O 0 No
95%
O 0 No
95%
O 0 No
95%
O 0 No
95%
O 0 No
95%
O 0 No
89%
O O Yes
89%
No matching quizzes found
Score Distribution
Percent of People with Each Score
Percentile by Number Answered
Your Score History
You have not taken this quiz